000 00650nam a22001937a 4500
005 20241224121932.0
010 _aENG-143145
020 _a9789391373757
_c350.00
035 _aEN-126677
037 _bDBAD
082 _a615.19
100 _aJha, Anit Kumar
_975616
245 _aA Text Book of Physical Pharmaceutics-II/
_cBy Anit Kumar Jha
260 _aMadurai
_bShanlax Publications
_c2021
270 _a61, T.P.K. Main Road, Vasantha Nagar
_bMadurai
_e625003
_mshanlax_1990@yahoo.com
300 _a250p.
_c24cm(pb)
500 _aAs Per PCI Regulations B. Pharm II nd year/ Semester-IV(4th)
942 _2ddc
_cEN
_h615.19
_mJHA
999 _c207926
_d207926